02078nam a2200361 a 4500001001200000003000800012006001900020007001500039008004100054010001700095020003700112020002700149040002100176035002100197050002300218082001600241245010700257250001200364260004600376300004300422504005100465505073300516533015201249650002001401650001901421650001701440650002301457655002901480700004701509710001701556856012601573999001701699ebr10648825CaPaEBRm u cr cn|||||||||121204s2013 njuaf sb 001 0 eng d z 2012047995 z9780470959947 (cloth alk. paper) z9781118500163 (e-book) aCaPaEBRcCaPaEBR a(OCoLC)82576750214aQK981b.P58 2013eb04a581.3/522300aPlant transposons and genome dynamics in evolutionh[electronic resource] /ceditor, Nina V. Fedoroff. a1st ed. aHoboken [N.J.] :bWiley-Blackwell,c2013. axvii, 212 p., [6] p. of plates :bill. aIncludes bibliographical references and index.0 aThe discovery of transposition / Nina V. Fedoroff -- A field guide to transposable elements / Alan H. Schulman and Thomas Wicker -- The mechanism of Ac/Ds transposition / Thomas Peterson and Jianbo Zhang -- McClintock and epigenetics / Nina V. Fedoroff -- Molecular mechanisms of transposon epigenetic regulation / Robert A. Martienssen and Vicki L. Chandler -- Transposons in plant gene regulation / Damon R. Lisch -- Imprinted gene expression and the contribution of transposable elements / Mary A. Gehring -- Transposons and gene creation / Hugo K. Dooner and Clifford F. Weil -- Transposons in plant speciation / Avraham A. Levy -- Transposons, genomic shock and genome evolution / Nina V. Fedoroff and Jeffrey L. Bennetzen. aElectronic reproduction.bPalo Alto, Calif. :cebrary,d2013.nAvailable via World Wide Web.nAccess may be limited to ebrary affiliated libraries. 0aPlant genetics. 0aPlant genomes. 0aTransposons. 0aPlantsxEvolution. 7aElectronic books.2local1 aFedoroff, Nina V.q(Nina Vsevolod),d1942-2 aebrary, Inc.40uhttp://site.ebrary.com/lib/rucke/Doc?id=10648825zAn electronic book accessible through the World Wide Web; click to view c45295d45295